Starostlivosť o infekčného pacienta v podmienkach intenzívnej starostlivosti

Bibliographic Details
Main Author: Treľová, Monika (Author)
Format: Article
Language:Slovak
PhysicalDescription:Fotografie
ISSN:1335-9444
Subjects:

MARC

LEADER 00000nab a2200000 4500
001 vtls012153295
003 SK-MaSNL
005 20260304171913.0
008 221102|2022 xo |||| ||an ||00 0|slo
015 |a SNBRB2022/10 
040 |a SPKCL  |b slo  |e rda 
041 |a slo  |b slo 
044 |a xo  |c SK 
072 7 |a 616  |x Patológia. Klinická medicína  |2 konspekt 
080 |a 616.9  |2 2011 
100 1 |a Treľová, Monika  |4 aut  |9 1500875 
245 1 0 |a Starostlivosť o infekčného pacienta v podmienkach intenzívnej starostlivosti  |c Monika Treľová 
300 |b Fotografie 
336 |a text  |b txt  |2 rdacontent 
337 |a bez média  |b n  |2 rdamedia 
338 |a zväzok  |b nc  |2 rdacarrier 
504 |a Obsahuje bibliografiu 
546 |a Slovenské resumé 
650 0 7 |a intenzívna starostlivosť  |2 SNKPH  |9 66540 
650 0 7 |a ošetrovateľstvo  |2 SNKPH  |9 2557 
650 0 7 |a infekčné choroby  |2 SNKPH  |9 859 
773 0 |t Sestra  |g Roč. XXI, č. 1-2 (2022)  |x 1335-9444 
773 0 8 |t Odborná príloha 185 Ošetrovateľská starostlivosť v anesteziológii a intenzívnej medicíne  |g Roč. XXI (2022), s. 22-25 
958 |a NB 
999 |c 2995488  |d 2997418